Betclic 2. Liga 2025/26 - Statystyki

Ogólne statystyki
  • Ten quiz został rozwiązany 75 razy
  • Średni wynik to 12 z 18
Statystyki odpowiedzi
Drużyna % Poprawnych
Zagłębie Sosnowiec
79%
Chojniczanka Chojnice
71%
Podbeskidzie Bielsko-Biała
71%
Warta Poznań
71%
KKS 1925 Kalisz
69%
Podhale Nowy Targ
69%
Sokół Kleczew
67%
Stal Stalowa Wola
67%
GKS Jastrzębie
65%
Sandecja Nowy Sącz
65%
Unia Skierniewice
65%
Hutnik Kraków
63%
Świt Szczecin
63%
Olimpia Grudziądz
62%
Resovia
62%
Rekord Bielsko-Biała
60%
ŁKS II Łódź
54%
Śląsk II Wrocław
48%
Nie znaleziono quizów pasujących do podanych kryteriów
Rozkład punktacji
Procent ludzi z każdym wynikiem
Percentyl według liczby udzielonych odpowiedzi
Twoja historia wyników
Nie rozwiązałeś tego quizu